Socialist Korea : A case study in the strategy of economic development

Gardado en:
Detalles Bibliográficos
Autor Principal: Brun, Ellen
Formato: Libro
Idioma:Undetermined
Publicado: New York Monthly Review Press 1976
Những chủ đề:
Các nhãn: Engadir etiqueta
Sen Etiquetas, Sexa o primeiro en etiquetar este rexistro!
Thư viện lưu trữ: Trung tâm Học liệu Trường Đại học Cần Thơ
LEADER 00651nam a2200217Ia 4500
001 CTU_90104
008 210402s9999 xx 000 0 und d
082 |a 330.9 
082 |b B894 
100 |a Brun, Ellen 
245 0 |a Socialist Korea : 
245 2 |b A case study in the strategy of economic development 
245 0 |c Ellen Brun, Jacques Hersh 
260 |a New York 
260 |b Monthly Review Press 
260 |c 1976 
650 |a Socialism,Korea (north),Korea (north) 
650 |x Economic conditions,Economic policy 
650 |z Korea ( north) 
904 |i Mai Loan,Hải 
980 |a Trung tâm Học liệu Trường Đại học Cần Thơ